000 00724nam a2200253 i 4500
001 C2-0258318
003 PPAK
005 20180727225006.0
008 041007s2002 nyu |||| ||||| | eng d
020 _a0743426843
040 _aPPAK
_beng
_cPPAK
_erda
082 0 4 _a616.120654
_223
090 0 0 _a616.120654
_bNAT
_dG
100 1 _aNatow, Annette B.,
_eauthor
245 1 4 _aThe healthy heart food counter
264 1 _aNew York :
_bPocket Books ,
_c2002
300 _a428 pages ;
_c17 cm
336 _2rdacontent
_atext
337 _2rdamedia
_aunmediated
338 _2rdacarrier
_avolume
650 1 0 _aHeart - Diseases - Diet therapy - Tables ; Heart - Diseases - Prevention
700 _eauthor
942 _ddc
_cB
999 _c69920
_d69920